Farmers' Suicides in Andhra Pradesh : The Response of Rural Political Institutions / (Record no. 35928)

MARC details
000 -LEADER
fixed length control field 00372nam a2200109Ia 4500
008 - FIXED-LENGTH DATA ELEMENTS--GENERAL INFORMATION
fixed length control field 220512s9999 xx 000 0 eng d
100 ## - MAIN ENTRY--PERSONAL NAME
Personal name V Anil Kumar
245 #0 - TITLE STATEMENT
Title Farmers' Suicides in Andhra Pradesh : The Response of Rural Political Institutions /
Statement of responsibility, etc. V Anil Kumar
260 ## - PUBLICATION, DISTRIBUTION, ETC.
Place of publication, distribution, etc. Hyderabad :
Name of publisher, distributor, etc. Centre for Economic & Social Studies,
Date of publication, distribution, etc. May-05
546 ## - LANGUAGE NOTE
Language note English
942 ## - ADDED ENTRY ELEMENTS (KOHA)
Koha item type Research Papers
Holdings
Withdrawn status Lost status Damaged status Not for loan Collection code Home library Current library Date acquired Total Checkouts Barcode Date last seen Price effective from Koha item type
        Working Papers NASSDOC Library NASSDOC Library 12/05/2022   P181 12/05/2022 12/05/2022 Research Papers